Vista normal Vista MARC

Entrada Corporate Name

Número de registros utilizados en: 1

001 - CONTROL NUMBER

  • control field: 39322

003 - CONTROL NUMBER IDENTIFIER

  • control field: OSt

005 - DATE AND TIME OF LATEST TRANSACTION

  • control field: 20210812111039.0

008 - FIXED-LENGTH DATA ELEMENTS

  • fixed length control field: 210812|| aca||aabn | a|a d

040 ## - CATALOGING SOURCE

  • Original cataloging agency: OSt
  • Transcribing agency: OSt

110 ## - HEADING--CORPORATE NAME

  • Corporate name or jurisdiction name as entry element: Secretaria General Iberoamericana

670 ## - SOURCE DATA FOUND

  • Source citation: Work cat.: (OSt)12147: 27421, La extensión del crédito y los servicios financieros : , 2006.